El marxismo y las tendencias marxistas / (Record no. 26208)

MARC details
000 -LEADER
campo de control de longitud fija 00555nam a2200193 i 4500
001 - NÚMERO DE CONTROL
campo de control 26208
003 - IDENTIFICADOR DE NÚMERO DE CONTROL
campo de control ES-MaACL
005 - FECHA Y HORA DE LA ÚLTIMA TRANSACCIÓN
campo de control 20230906153413.0
007 - CAMPO FIJO DE DESCRIPCIÓN FÍSICA--INFORMACIÓN GENERAL
campo de control de longitud fija t|
008 - DATOS DE LONGITUD FIJA--INFORMACIÓN GENERAL
campo de control de longitud fija 030108s1975 sp ||||1| spa d
100 1# - ENTRADA PRINCIPAL--NOMBRE DE PERSONA
Nombre de persona Aróstegui, Antonio.
9 (RLIN) 23166
245 13 - MENCIÓN DEL TÍTULO
Título El marxismo y las tendencias marxistas /
Mención de responsabilidad, etc. Antonio Arostegui.
260 ## - PUBLICACIÓN, DISTRIBUCIÓN, ETC.
Lugar de publicación, distribución, etc. Madrid :
Nombre del editor, distribuidor, etc. Marsiega,
Fecha de publicación, distribución, etc. [1975]
300 ## - DESCRIPCIÓN FÍSICA
Extensión 108 p. ;
Dimensiones 21 cm.
490 1# - MENCIÓN DE SERIE
Mención de serie Fondo de cultura popular
830 0# - PUNTO DE ACCESO ADICIONAL DE SERIE-TÍTULO UNIFORME
Título uniforme Fondo de cultura popular
9 (RLIN) 184310
852 ## - LOCALIZACIÓN
Ubicación ES-MaACL
Número de control de estantería E-7879
Sublocalización o colección R.92187
Holdings
Estatus retirado Estado de pérdida Estado de daño No para préstamo Biblioteca de origen Biblioteca actual Ubicación en estantería Fecha de adquisición Fuente de adquisición Total de préstamos Signatura topográfica completa Código de barras Visto por última vez Precio de reemplazo Tipo de ítem Koha
        Biblioteca del Ateneo de Madrid Biblioteca del Ateneo de Madrid Depósito 2 17/01/2008     E-7879 1027047 23/02/2023 23/02/2023 Libro impreso